00554nam a2200205 a 4500001001300000003000900013005001700022008004100039020002300080082001500103100002100118245006100139260003600200300000900236500003500245505001000280650001600290700001900306700002300325nice12345678IN_TiNIC20260116014012.0050524s2004 newa grp 000 0 eng  a0142046 c50000a362.1bSHA aShatrugna, Veena aTaking Charge of Our Bodies, a Health Handbook for Women aNew DelhibPenguin Books c2004 a427p aincludes index and biblioraphy2 aIndex aHealth Care1 aGita Ramaswamy1 aSrividya Natarajan